000 00246nam a22000857a 4500
008 160905b xxu||||| |||| 00| 0 eng d
100 _9290
_aGrim's Brother
245 _aGrim's brothers ki Stories (Hindi)
260 _aNew Delhi
_bEverest publication
_c2012
999 _c2949
_d2949